| 000 | 00564nam a2200181Ia 4500 | ||
|---|---|---|---|
| 003 | GCL | ||
| 008 | 140319s9999 xx 000 0 ara d | ||
| 040 |
_aGCL / _cGCL |
||
| 082 | 0 | 4 |
_a193 _bا ف |
| 100 | 1 | _aالسيد شعبان حسن | |
| 245 | 1 | 0 |
_aفكرة الارادة عند شوبنهور فى الطبيعة والمعرفة والاخلاق / _cالسيد شعبان حسن |
| 300 | _a199 ص | ||
| 490 | _a | ||
| 650 | 0 | 4 | _aالفلسفة العربية |
| 650 | 0 | 4 | _aشوبنهور |
| 650 | 0 | 4 | _aالفلسفة الالمانية |
| 942 |
_2ddc _cBK |
||
| 999 |
_c37728 _d37728 |
||